000 01404nam a2200337 c 4500
003 BLK
005 20230425152522.0
008 180409b bul|||||r ||||||| ||bul||
010 _aKNG00146696000
040 _aBLK
041 _aBUL
_cBUL
080 _aБългарска литература
_b821.163.2
_x-93-32
_z821.163.2-93-32
100 1 _aКалчев, Камен
_eпърви автор
_gКалчев, Петър Митев
_9367490
700 1 _aДенчев, Кою
_qСтанчев, Кою Денчев
_9379198
700 1 _aКалчев, Петър Митев
_e*
_9317810
139 _aКалчев, Камен
_bК 20
245 1 0 _aВечният другар
_bРазказ за деца
_cКамен Калчев; ил. Кою Денчев; * Петър Митев Калчев.
250 _a2. изд.
257 _aBGR
260 София
_bБълг. художник
_c1968
300 _a16 с.
_bс ил.
_c28 см
380 _aDX
500 _aИстинското име на авт. е Петър Митев Калчев. - 1. изд. 1950. - Кор. опис. - 50 100 тир.
653 _aдетска литература
653 _aлитература за деца
852 _aЦб ІІ 18351
856 4 _qpdf
_u
856 4 _qpdf
_u
942 _cKNG
_n0
944 _aCR
_c19.07.2013
_l19.07.2013 - от С1,Р / 19.07.2013
_kРадинела_Гицова
944 _aED
_c19.07.2013
_l19.07.2013 - от С1,Р / 19.07.2013
_k
999 _c140629
_d140629